00633nam a2200181 a 450000100060000000300090000600800410001501500210005602000150007704000280009208200170012010000160013724501740015326000310032730000220035865000330038070000380041325442CO-ViMGA141112s2004 ck r 000 u spa d ack - 2000 - xxxx a958045812X aCO-ViMGAbspacCO-ViMGA04a658.409 L95s1 aLyles, Dick10aEl secreto de los zapatos viejos : bcuatro fórmulas para obtener excelentes resultados trabajando bien con los demás / cDick Lyles ; traducción Ángela García aBogotá : bNorma, c2000 ax, 144 p. ; 21 cm14aAdministración de personal1 aGarcía, Ángela, traductor tr.